| 000 | 01828nam0a22003131 4500 | ||
|---|---|---|---|
| 001 | rc\3514956 | ||
| 005 | 20130115142825.0 | ||
| 021 |
_aRU _b[73-3261] |
||
| 035 | _a(NLR Aleph) 007659060 | ||
| 090 |
_a6311855 _c6311855 |
||
| 100 | _a20130115d1972 |||y0rusy50 ca | ||
| 101 | 0 | _arus | |
| 102 | _aRU | ||
| 105 | _aa z ||||| | ||
| 200 | 1 |
_aБуддийский культовый центр Кара-тепе в Старом Термезе _eОсновные итоги работ 1965-1971 гг. _eМатериалы совместной археол. экспедиции на Кара-тепе _fПод общ. ред. [и с предисл.] Б.Я. Ставиского _g[АН СССР. Ин-т востоковедения. Гос. Эрмитаж. Всесоюз. центр. науч.-исслед. лаб. по консервации и реставрации музейных худож. ценностей. Гос. музей искусства народов Востока.] |
|
| 210 |
_aМосква _c[Наука] _d1972 |
||
| 215 |
_a208 с. _cил. |
||
| 300 | _aРез. на англ. яз. | ||
| 320 | _aСписок лит. в примеч.: с. 168-169 | ||
| 320 | _aИсследования Кара-тепе в 1961-1970 гг. в освещении печати: Аннот. библиогр. / Сост. О.Н. Щеголев: с. 155-164 (70 назв.) | ||
| 320 | _aУказ. авт.: с. 164 | ||
| 606 |
_aАрхеологические памятники _yКара-тепе (УзССР) _2psbo |
||
| 702 | 1 |
_aСтавиский _bБ. Я. _gБорис Яковлевич _4340 _4080 |
|
| 712 | 0 | 2 |
_aИнститут востоковедения _cМосква _3RU\NLR\AUTH\8810000899 |
| 801 | 0 |
_aRU _bNLR _gpsbo |
|
| 801 | 1 |
_aRU _bELAR _2rusmarc |
|
| 852 |
_aNLR _j72-5/5183 |
||
| 942 | _cBOOK | ||
| 980 | _aNB | ||